00974nam a2200265Ia 4500003000900000008004100009020001800050040001600068080002200084245011700106260003300223300001400256490005600270650001800326650004100344650002600385700002600411700002800437700003200465700002900497700003300526942000700559999001500566952012700581IN-BaIIA211028s9999 xx 000 0 eng d a0-306-43158-0 cIIA Library a52-17:519.68bDAT 0aData analysis in astronomy IIIcedited by V. Di Gesu…[et al.]  aNew YorkbPlenum Pressc1989 aix, 417p. aEttore Majorana International Science Series; v. 40 aAstronomy980 aAstronomy and astrophysics thesaurus aData processing94335 aCrane, P., ed.911436 aDi Gesu, V., ed.916543 aFriedman, J. H., ed.916544 aLevialdi, S., ed.916545 aMaccarone, M. C., ed.916546 cBK c9773d9773 00104070aBANbBANcGENd0000-00-00g2029.00l0o52-17:519.68/ DATp10683r2021-11-05v2029.00w0000-00-00yBKGRs. 2029